00548nam a2200145 a 4500008004100000050002400041110004700065245015400112260003700266300001500303350000900318650001400327650003300341650002800374090518s1970 ||||||||||||||||| || u aGOV.ZAM(058)SE/1970 aGovernment of the Republic of Zambia (GRZ)10aRepublic of Zambia supplementary estimates: approval of supplementary expenditure authorized during the period 22nd April, 1970, to 24th August, 1970 aLusakabGovernment Printerc1970 a26p. :ill. a0.00 0aECONOMICS aEXPENDITURES, PUBLIC--ZAMBIA aBUDGET PLANNING--ZAMBIA